Bokstaveringsalfabetet (Fonetiska Alfabetet) - Statistics

General Stats
  • This quiz has been taken 22 times
  • The average score is 15 of 28
Answer Stats
Answer % Correct
E Erik
100%
Ä Ärlig
67%
B Bertil
67%
C Cesar
67%
D David
67%
F Filip
67%
G Gustav
67%
H Helge
67%
I Ivar
67%
L Ludvig
67%
P Petter
67%
Q Qvintus
67%
R Rudolf
67%
S Sigurd
67%
V Viktor
67%
X Xerxes
67%
Å Åke
33%
J Johan
33%
K Kalle
33%
M Martin
33%
N Niklas
33%
O Olof
33%
Ö Östen
33%
T Tore
33%
U Urban
33%
W Wilhelm
33%
Y Yngve
33%
Z Zäta
33%
No matching quizzes found
Score Distribution
Percent of People with Each Score
Percentile by Number Answered
Your Score History
You have not taken this quiz